<?xml version="1.0" encoding="UTF-8"?>
<record
    xmlns:xsi="http://www.w3.org/2001/XMLSchema-instance"
    xsi:schemaLocation="http://www.loc.gov/MARC21/slim http://www.loc.gov/standards/marcxml/schema/MARC21slim.xsd"
    xmlns="http://www.loc.gov/MARC21/slim">

  <leader>00830nam a22001697a 4500</leader>
  <controlfield tag="008">110802t1984    xxu||||g |||| 000 0 ara d</controlfield>
  <datafield tag="082" ind1=" " ind2=" ">
    <subfield code="2">22</subfield>
    <subfield code="a">330.121</subfield>
    <subfield code="b">&#x644;&#x627; &#x627; &#x647; </subfield>
  </datafield>
  <datafield tag="100" ind1=" " ind2=" ">
    <subfield code="9">26537</subfield>
    <subfield code="a">&#x639;&#x628;&#x62F; &#x627;&#x644;&#x627;&#x647; &#x60C;&#x627;&#x645;&#x64A;&#x646; &#x645;&#x635;&#x637;&#x641;&#x649;</subfield>
  </datafield>
  <datafield tag="245" ind1=" " ind2=" ">
    <subfield code="a">&#x623;&#x635;&#x648;&#x644; &#x627;&#x644;&#x627;&#x642;&#x62A;&#x635;&#x627;&#x62F; &#x627;&#x644;&#x627;&#x633;&#x644;&#x627;&#x645;&#x649; &#x648; &#x646;&#x638;&#x631;&#x64A;&#x629; &#x627;&#x644;&#x62A;&#x648;&#x627;&#x632;&#x646; &#x627;&#x644;&#x627;&#x642;&#x62A;&#x635;&#x627;&#x62F;&#x649; &#x641;&#x649; &#x627;&#x644;&#x625;&#x633;&#x644;&#x627;&#x645;/</subfield>
    <subfield code="c">&#x627;&#x645;&#x64A;&#x646; &#x645;&#x635;&#x637;&#x641;&#x649; &#x639;&#x628;&#x62F; &#x627;&#x644;&#x644;&#x627;&#x647;</subfield>
  </datafield>
  <datafield tag="260" ind1=" " ind2=" ">
    <subfield code="a">[&#x633;&#x648;&#x631;&#x64A;&#x627;]:</subfield>
    <subfield code="b">&#x645;&#x637;&#x628;&#x639;&#x629; &#x639;&#x64A;&#x633;&#x649; &#x627;&#x644;&#x628;&#x627;&#x628;&#x649; &#x627;&#x644;&#x62D;&#x644;&#x628;&#x649; &#x648; &#x634;&#x631;&#x643;&#x627;&#x647;&#x60C;1984.</subfield>
    <subfield code="c">1984.</subfield>
  </datafield>
  <datafield tag="300" ind1=" " ind2=" ">
    <subfield code="a">376&#x635;&#x60C;</subfield>
    <subfield code="c">24&#x633;&#x645;.</subfield>
  </datafield>
  <datafield tag="650" ind1=" " ind2=" ">
    <subfield code="9">16107</subfield>
    <subfield code="a">&#x627;&#x644;&#x627;&#x642;&#x62A;&#x635;&#x627;&#x62F; &#x627;&#x644;&#x625;&#x633;&#x644;&#x627;&#x645;&#x649; </subfield>
  </datafield>
  <datafield tag="650" ind1=" " ind2=" ">
    <subfield code="9">26538</subfield>
    <subfield code="a">&#x627;&#x644;&#x625;&#x633;&#x644;&#x627;&#x645; &#x648; &#x627;&#x644;&#x627;&#x642;&#x62A;&#x635;&#x627;&#x62F;</subfield>
  </datafield>
  <datafield tag="653" ind1=" " ind2=" ">
    <subfield code="b">General</subfield>
    <subfield code="c">August2011</subfield>
  </datafield>
  <datafield tag="942" ind1=" " ind2=" ">
    <subfield code="2">ddc</subfield>
    <subfield code="c">BB</subfield>
  </datafield>
  <datafield tag="999" ind1=" " ind2=" ">
    <subfield code="c">15776</subfield>
    <subfield code="d">15776</subfield>
  </datafield>
  <datafield tag="952" ind1=" " ind2=" ">
    <subfield code="0">0</subfield>
    <subfield code="1">0</subfield>
    <subfield code="2">ddc</subfield>
    <subfield code="4">0</subfield>
    <subfield code="7">0</subfield>
    <subfield code="8"> </subfield>
    <subfield code="a">MAIN</subfield>
    <subfield code="b">MAIN</subfield>
    <subfield code="c">1ST</subfield>
    <subfield code="d">2011-08-02</subfield>
    <subfield code="e">Purchase</subfield>
    <subfield code="o">330.121 &#x644;&#x627; &#x627; &#x647;</subfield>
    <subfield code="p">000023026</subfield>
    <subfield code="r">2025-07-15 00:00:00</subfield>
    <subfield code="y">BB</subfield>
  </datafield>
</record>
